Zgadnij po emoji piosenkę Taco Hemingway'a z albumu Trójkąt Warszawski - Statystyki

Ogólne statystyki
  • Ten quiz został rozwiązany 44 razy
  • Średni wynik to 5 z 6
Statystyki odpowiedzi
Emoji Piosenka % Poprawnych
🥩 Mięso
95%
🔺 Trójkąt
95%
9️⃣0️⃣0️⃣7️⃣2️⃣9️⃣ 900729
93%
🚬 ⬜🥦 Szlugi i kalafiory
91%
🚶, 🚶 Marsz, Marsz
79%
♾️1️⃣ Wszystko Jedno
60%
Nie znaleziono quizów pasujących do podanych kryteriów
Rozkład punktacji
Procent ludzi z każdym wynikiem
Percentyl według liczby udzielonych odpowiedzi
Twoja historia wyników
Nie rozwiązałeś tego quizu